00281nam a2200121Ia 4500008004100000041000900041082001500050100002100065245002300086260003400109300000800143650000800151230718s9999 xx 000 0 und d aEng. a650bRIZ-I aRizwani 9 Shatih 0aIslam and Madumier aPakistanbJcp-1.98 lampc2001 a139 aLaw